000 00426nam a22001697a 4500
999 _c10962
_d10962
003 OSt
008 210814b ||||| |||| 00| 0 eng d
020 _a9789388754088
082 _a891.432
_bAMR
100 G _aAMISH
245 _aRaavan: Enemy of Aryavarta
_bBook 3 of The Ram Chandra Series
250 _aEd
260 _aChennai
_bWestland Publication
_c2019
300 _a374
650 _aReligious
942 _2ddc
_cBK
_01